000
00278nam a2200097Ia 4500
005
20251222114405.0
008
251222s1900||||xx |||||||||||||| ||spa||
082
_a
DVD191.3/U61B/2005
245
0
_a
MiƩrcoles empresariales: el TLC y la agenda interna de competitividad:
942
_c
DVD
999
_c
1803
_d
1803